000 00472 a2200181 4500
041 _aEng
082 _aCD4563
100 _aPaneru, Deepak Raj
245 _aDodeldhureli bhasika ek adhysyan
260 _aNepalgunj:
_c2067
502 _aDissertation
_bDegree in Nepali
_cMahendra Multiple campus
650 _aLanguage development
650 _aNepali grammar
650 _aTense
653 _aNepali language
654 _aDadeldhureli language
942 _2ddc
_cVM
999 _c72106
_d72095